| 000 | 00469nam a22001457a 4500 | ||
|---|---|---|---|
| 082 |
_a624.1762 _bSPE _cN-01, P-103.p-89 |
||
| 100 |
_aJR, B.F. Spencer. _942950 |
||
| 245 |
_aEarthquake engineering frontiers in the new millennium. _cB.F. Spencer, Jr |
||
| 260 |
_aTokyo _bA.A. Balkema Publishers. |
||
| 300 |
_axxi, 460 p.: _bill. |
||
| 526 |
_a0 _b0 _c0 _d624_176200000000000_SPE |
||
| 526 |
_a0 _b0 _c0 _d624_176200000000000_SPE |
||
| 650 |
_aNUST _96342 |
||
| 942 |
_2ddc _cBK |
||
| 999 |
_c546755 _d546755 |
||